| 000 | 00701nam a2200217 i 4500 | ||
|---|---|---|---|
| 001 | 85675 | ||
| 003 | ES-MaACL | ||
| 005 | 20250926063053.0 | ||
| 007 | t| | ||
| 008 | 041130s1982 sp ||||1| spa d | ||
| 020 | _a84-7509-126-1 | ||
| 100 | 1 |
_aJung, Carl G., _d1875-1961 _967282 |
|
| 245 | 1 | 0 |
_aFormaciones de lo inconsciente / _cC.G. Jung ; [traducción de Roberto Pope]. |
| 260 |
_aBarcelona : _bPaidós, _c1982. |
||
| 300 |
_a133 p., 24 lám. ; _c22 cm. |
||
| 490 | 1 |
_aBiblioteca de psicología profunda ; _v16 |
|
| 700 | 1 |
_aPope, Roberto. _993084 |
|
| 830 | 0 |
_aBiblioteca de psicología profunda ; _v16 _9179952 |
|
| 852 |
_aES-MaACL _jL-9642 _bR.111802 |
||
| 999 |
_c85675 _d85675 |
||